00822npc a2200193Ia 4500001001300000003001000013005001700023008004100040040002500081041000700106100002700113245011100140260005500251300001200306500005700318650002300375654000900398700022100407dg111-49292 IT-MiCISF20250327145527.0161014s9999||||xx | und|| aIT-MiCISFcIT-MiCISF ait aFerraro Luigi (et al.) 0aIl minore richiede una famiglia. Fare famiglia oggi.bAtti del Terzo Convegno Nazionale, Caserta 9.10.2009 a Maddaloni (CE)bFondazione Giuseppe Ferraroc2010 app. 146 a/ famiglia, società, diritti-bambino, associazioni apolitica-familiare aatti aCavallo M., Farina P., Petteruti N., Stramaccioni G., Maurizio R., Sergio G., .aMarotti C., Greci C.M., Campagnano M., Belletti F., Anfossi F., Corti N., aEnoc M., Borgomeo C., Pellegrini N., Ciampa A., Soldì C.